Electronics Engineering for first year of all branches of B.Tech Engineering students
Saved in:
| Hovedforfatter: | |
|---|---|
| Format: | Bog |
| Sprog: | engelsk |
| Udgivet: |
Ane Books
2019
|
| Tags: |
Tilføj Tag
Ingen Tags, Vær først til at tagge denne postø!
|
MARC
| LEADER | 00000nam a22000007a 4500 | ||
|---|---|---|---|
| 008 | 210816b ||||| |||| 00| 0 eng d | ||
| 020 | |a 9789384726683 | ||
| 100 | |a PANDEY, O.N. | ||
| 245 | |a Electronics Engineering |b for first year of all branches of B.Tech Engineering students |c O.N.Pandey |g xiv,401p;ill | ||
| 250 | |b 2nd | ||
| 260 | |b Ane Books |c 2019 |h New Delhi |i 696766 |i 696768 |l TK161.P19 |m Electronics |m Electrical | ||
| 500 | |a it includes references and index | ||
| 942 | |a lcc |c BK |e Johnson |f 16/08/21 | ||
| 952 | |0 0 |1 0 |2 lcc |4 0 |7 0 |9 3051 |a TL |b HOL |c QZ |d 2021-08-16 |o TK161.P19 |p 2021-66750 |r 2021-08-16 00:00:00 |w 2021-08-16 |y BK | ||
| 952 | |0 0 |1 0 |2 lcc |4 0 |6 TK0161 P19 |7 0 |9 3052 |a HOL |b HOL |c QZ |d 2021-08-16 |l 0 |o TK161.P19 |p 2021-66751 |r 2021-08-16 00:00:00 |w 2021-08-16 |y BK | ||
| 999 | |c 1546 |d 1546 | ||